|
|
|
|
| LEADER |
00000nab a2200000 a 4500 |
| 001 |
vtls008620902 |
| 003 |
SK-MaSNL |
| 005 |
20260303071915.0 |
| 008 |
160322c20050906xo drz 0 0slo |
| 038 |
|
|
|a KEVKJB
|
| 040 |
|
|
|a KEVKJB
|b slo
|c KEVKJB
|e AACR2
|
| 041 |
0 |
|
|a slo
|
| 044 |
|
|
|a xo
|c SK
|
| 080 |
|
|
|a 612.68
|2 UDC-MRF-SK2
|
| 080 |
|
|
|a 929 Mačugová, Rozália
|2 UDC-MRF-SK2
|
| 100 |
1 |
|
|a Mikulová, Eva
|4 aut
|9 365709
|
| 245 |
1 |
0 |
|a "Na odchod som pripravená," hovorí 101-ročná Rozália Mačugová
|c Eva Mikulová
|
| 300 |
|
|
|b Fotogr.
|
| 600 |
1 |
7 |
|a Mačugová, Rozália,
|d 1904-
|2 kevkjb
|9 83770
|
| 650 |
0 |
7 |
|a dlhovekosť
|2 kevkjb
|9 2448
|
| 651 |
|
7 |
|a Košice (Slovensko)
|2 kevkjb
|9 18694
|
| 773 |
0 |
|
|t Košický denník Korzár
|g Roč. VIII, č. 206 (6.9.2005), s. 1
|x 1335-4566
|
| 852 |
|
|
|a KEVKJB
|b KIS3GCP
|
| 958 |
|
|
|a BX
|
| 999 |
|
|
|c 1761921
|d 1763851
|